000 00546nam a2200181Ia 4500
008 100920s9999 xx 000 0 und d
082 _b1991
_a891.43 ढ 73
100 _aडांगरे पं मु.
245 _aबातचीत.
260 _bडांगरे पंढरीनाथ मुकुंद , पुणे.
_c1873
300 _a46
_bसाधी
365 _b0.75
520 _aहिंदी.
630 _aबातचीत.
650 _aहिंदी.
730 _aबातचीत.
942 _cBOOK
999 _c672810
_d672807